El cono sur: una historia común
Bewaard in:
| Hoofdauteurs: | , |
|---|---|
| Formaat: | Boek |
| Taal: | Spaans |
| Gepubliceerd in: |
Ciudad de México
Fondo de Cultura Económica
2002
|
| Editie: | 1a. ed |
| Reeks: | Sección Obras de Historia
|
| Onderwerpen: | |
| Tags: |
Voeg label toe
Geen labels, Wees de eerste die dit record labelt!
|
MARC
| LEADER | 00000nam a2200000 a 4500 | ||
|---|---|---|---|
| 001 | UCI1462 | ||
| 003 | CL-VaPUC | ||
| 008 | 070629e20020000MX |||||||||||||||||spa|d | ||
| 020 | |a 9505575092 | ||
| 082 | 0 | 4 | |a 327 |b RAP |2 21 |
| 100 | 0 | |a Rapoport, Mario |e author |9 522002 | |
| 700 | 0 | |a Cervo, Amado Luiz |e author |9 522003 | |
| 245 | 1 | 3 | |a El cono sur: una historia común |
| 250 | |a 1a. ed | ||
| 300 | |a 368 p | ||
| 942 | |c BK | ||
| 945 | |d 20070629 00:00:00 |a jtorresc | ||
| 260 | |a Ciudad de México |b Fondo de Cultura Económica |c 2002 | ||
| 650 | 0 | |a Relaciones Internacionales |9 255740 | |
| 650 | 0 | |a Política mundial |9 255739 | |
| 651 | 0 | |a Europa |9 255156 | |
| 583 | |a last modification |c 20070629 00:00:00 |k Rodrigo Vera | ||
| 490 | 0 | |a Sección Obras de Historia | |
| 999 | |c 326281 |d 326279 | ||
| 952 | |0 0 |1 0 |4 0 |6 327_000000000000000_RAP_2002 |7 0 |8 A |9 408114 |a BIBHIS |b BIBHIS |d 2019-11-22 |i 4354745 |o 327 RAP 2002 |p 4354745 |r 2025-01-20 |w 2019-11-22 |y BK |k HIS | ||